000 01054nam a22003257a 4500
003 CHAP
005 20220329141635.0
008 971013s1991 r 00010 d
010 _a71486
011 _a72458
035 _a82013
040 _cCHAP
082 _a634.711
_bE5
100 0 0 _aEllis, Michael A.
_eed.
_936391
245 _aCompendium of raspberry and blackberry diseases and insects
260 _aSt. Paul, Minn. :
_bThe American Phytopathological Society,
_c1991
300 _a100 p.
_b: ilus.
490 _aDisease compendium series
590 _aBATCH-UPD
_b10
_c20130110
_lUCH01
_h0412
590 _aBATCH-UPD
_b10
_c20130110
_lUCH01
_h2131
590 _aCONVERSION
_b10
_c20130109
_lUCH01
_h1339
650 1 4 _aFrambuesa
_xEnfermedades.
_942873
650 1 4 _aFrambuesa
_xPlagas.
_942888
650 1 4 _aMora
_xEnfermedades.
_978114
650 1 4 _aMora
_xPlagas.
_978116
830 0 _aDisease compendium series
_932720
901 _aBK
942 _cLIBRO
949 _a634.711 E5
_bBC
_cC
_d33724000649273
_eC
_gI.172831
_h85252
_i82013
_sb
_t113.48
999 _c71486
_d71486